Patria Slováci medzi najväčších? Úvaha nad knihou Dejiny židovského národa alebo:

Bibliographic Details
Main Authors: Smolec, Ján, 1932- (Author), Johnson, P. (Author)
Format: Article
Language:Slovak
Subjects:

MARC

LEADER 00000nab a2200000 a 4500
001 vtls000611663
003 SK-MaSNL
005 20260304024455.0
008 160401c1997 xo 0 slo
015 |a SNBRB19rr/mm-uuuuu 
035 |a CL0611802 
040 |a SNKBUCL  |b slo  |c SNKBUCL  |e AACR2 
041 0 |a slo 
044 |a xo  |c SK 
080 |a 296  |2 1981 
080 |a 940.5(=924)  |2 1981 
080 |a 341.485  |2 1981 
100 1 |a Smolec, Ján,  |d 1932-  |4 aut  |9 192881 
245 1 0 |a Patria Slováci medzi najväčších?  |b Úvaha nad knihou Dejiny židovského národa alebo:  |c Ján Smolec 
650 0 7 |a Židia  |2 snkbucl  |9 3760 
650 0 7 |a holokaust (1939-1945)  |2 snkbucl  |9 160313 
651 7 |a Európa  |2 snkbucl  |9 167569 
655 7 |a články z novín a časopisov  |2 snkbucl  |9 267496 
700 1 |a Johnson, P.  |4 aut  |9 1305275 
773 0 |t Slovenská republika  |g Roč. 5, č. 40 (18. 2. 1997), s. 8-9 
850 |a Slovenská národná knižnica v Martine  |a MTA001 
852 |a SNK  |b KIS3GCP 
958 |a RK 
958 |a RBX 
999 |c 2622021  |d 2623951